| 000 | 00734nam a2200229Ia 4500 | ||
|---|---|---|---|
| 999 |
_c35988 _d35988 |
||
| 001 | 1887 | ||
| 003 | GE_BSU | ||
| 005 | 20221007150717.0 | ||
| 008 | 181216s2007ru xx |||||||||||||| ||rus|| | ||
| 020 | _a9785482013731 | ||
| 040 | _cGE_BSU | ||
| 041 | _arus | ||
| 080 | _a002(075.8):34(075.8) Г-70 | ||
| 100 |
_aГородов, О.А. _915149 |
||
| 245 |
_aИнформационное право : _bУчебник / _cО.А. Городов |
||
| 264 |
_aМосква : _bПроспект, _c 2007. |
||
| 300 |
_a248 с.: _b 20 см. |
||
| 653 | _aИнформационное право. | ||
| 653 | _aინფორმაციის სამართალი. | ||
| 653 | _aსამართალი | ||
| 942 |
_cBK _2udc |
||